000 00901nam a2200277 a 4500
005 20230524064142.0
008 991125s1990 ea 000 0 eng u
020 _a0852295316
035 _aUPN01000001132
049 _aCG
050 4 _aAC1
_bG7 1990 v.4
100 0 _aEsquilo,
_d525-456
_935324
245 1 4 _aThe plays of Aeschylus /
_ctr. y ed. David Grene.
250 _a2a ed.
260 _aChicago, E.U.A. :
_bEncyclopaedia Britannica,
_c1990.
300 _aix, 905 p.
440 0 _aGreat books of the western world ;
_v4
501 _aCon: The plays of Sophocles -- The plays of Euripides -- The plays of Aristophanes
500 _aBiografĂ­as: p. ix, 107, 257, 647
650 2 _aCiencia
_vColecciones
_99879
650 7 _aDrama griego (Tragedia)
_2
_916438
650 4 _aMitologĂ­a griega
_99574
650 7 _aTeatro griego
_2
_916437
700 1 _aGrene, David,
_eed.
905 _aLibro
999 _c1132
_d1132